Özel okullarda eğitim ve öğretim (Record no. 6319)

MARC details
000 -BAŞLIK
Sabit Uzunlukta Kontrol Alanı 00594na a2200205 4500
001 - KONTROL NUMARASI
Denetim Alanı 19453
003 - KONTROL NUMARASI IDENTIFIER
Denetim Alanı MIRAKIL
005 - SON İŞLEM TARİHİ VE ZAMANI
Denetim Alanı 20181213155103.0
008 - SABİT-BOY VERİ ELEMANLARI - GENEL BİLGİLER
Sabit Uzunlukta Kontrol Alanı 161214b tu 000 0
040 ## - KATALOGLAMA KAYNAK
Orijinal Kataloglama Ajansı Milas
Kataloglama Dili tur
Metne Dönüştürmek Ajansı TR-AnCHP
041 ## - DİL KODU
Metin / Ses Parça Veya Ayrı Başlığın Dil Kodu tur
082 ## - DEWEY ONLU SINIFLANDIRMA NUMARASI
Sınıflandırma Numarası 379.3561
Ürün Numarası Ö93 2002
090 ## - SINIFLAMA NUMARASI
Sınıflama Numarası 379.3561 Ö93 2002
245 ## - BAŞLIK TABLOSU
Başlık Özel okullarda eğitim ve öğretim
Sorumluluk Tablosu, Vb Özel Okullar Derneği
260 ## - YAYIN, DAĞITIM, VB
Yayın, Dağıtım, Vb Yeri Antalya
Yayıncı, Dağıtıcı, Vs Adı Özel Okullar Derneği
Yayın, Dağıtım, Vb Tarihi 2002
300 ## - FİZİKSEL TANIM
Kapsam 18 s.
Diğer Fiziksel Ayrıntıları tbl.
Boyutlar 21 sm.
650 ## - KONU KATMA GİRİŞ - TOPİKAL DÖNEM
Topikal Süreli Veya Coğrafi Ad Giriş Elemanı Özel okullar
Genel Alt Bölümü Eğitim ve öğretim
Coğrafi Alt Bölümü Türkiye
710 ## - KATMA GİRİŞ - KURUMSAL ADI
Giriş Elemanı Olarak Kurumsal Ad Veya Yargı Alanı Adı Özel Okullar Derneği
942 ## - EKLENDİ GİRİŞ ELEMANLARI (KOHA)
Sınıflandırma Veya Raf Düzeni Kaynak Dewey Decimal Classification
Koha Öğesi Türü Books
999 ## - SİSTEM KONTROL NUMARALARI (KOHA)
Koha Biblionumber 6319
Koha Biblioitemnumber 6319
Holdings
Kalıcı Konum Mevcut Konum Edinme Tarihi Edinim Kaynak Toplam Check-Out'Lar Tam Çağrı Numarası Barkod Tarih Son Görülme İtibaren Geçerli Fiyatlar Koha Öğesi Türü
CHP Kütüphanesi CHP Kütüphanesi 12/14/2016 Bağış   379.3561 Ö93 2002 011578 12/14/2016 12/14/2016 Books